000 00345nam a2200145Ia 4500
008 130318s9999 xx 000 0 und d
020 _a9788120323667
082 _a621.392 BHA/V
100 _aBhasker, J
245 _aA VHDL synthesis primer
250 _a3
260 _bPHI Learning
_aNew Delhi
_c1999
300 _a373
650 _aVHDL SYSTEM
999 _c1823
_d1823